[Event "BL2 West 1516 (Women)"]
[Site "Germany"]
[Date "2016.01.10"]
[Round "5.1"]
[White "Engels, Natia"]
[Black "Kozlova, Olga"]
[Result "1/2-1/2"]
[WhiteElo "2135"]
[BlackElo "2179"]
[PlyCount "23"]
[EventDate "2015.09.26"]
[EventType "team-tourn"]
[EventRounds "7"]
[EventCountry "GER"]
[SourceTitle "EXT 2017"]
[Source "ChessBase"]
[SourceDate "2016.10.25"]
[SourceVersion "1"]
[SourceVersionDate "2016.10.25"]
[SourceQuality "1"]
[WhiteTeam "Steinfurt (W)"]
[BlackTeam "Delmenhorst (W)"]
[WhiteTeamCountry "GER"]
[BlackTeamCountry "GER"]

1. d4 Nf6 2. c4 e6 3. Nc3 Bb4 4. Qc2 d5 5. e3 c5 6. cxd5 Nxd5 7. Bb5+ Bd7 8. Bxd7+ Nxd7 9. Nge2 cxd4 10. exd4 Rc8 11. 0-0 0-0 12. Qb3 1/2-1/2

[Event "BL2 West 1415 (Women)"]
[Site "Germany"]
[Date "2015.03.28"]
[Round "6.1"]
[White "Vogel, Heike"]
[Black "Kozlova, Olga"]
[Result "1-0"]
[WhiteElo "2135"]
[BlackElo "2216"]
[PlyCount "67"]
[EventDate "2014.09.27"]
[EventType "team-tourn"]
[EventRounds "7"]
[EventCountry "GER"]
[SourceTitle "CBM 166 Extra"]
[Source "ChessBase"]
[SourceDate "2015.06.18"]
[SourceVersion "1"]
[SourceVersionDate "2015.06.18"]
[SourceQuality "1"]
[WhiteTeam "Muelheim (W)"]
[BlackTeam "Delmenhorst (W)"]
[WhiteTeamCountry "GER"]
[BlackTeamCountry "GER"]

1. d4 Nf6 2. Bg5 d5 3. Nd2 Nbd7 4. Ngf3 h6 5. Bh4 e6 6. e3 Be7 7. Bd3 c5 8. c3 0-0 9. Qe2 c4 10. Bc2 b5 11. g4 e5 12. dxe5 Nxg4 13. Bg3 f6 14. 0-0-0 Ngxe5 15. e4 b4 16. exd5 bxc3 17. Nxc4 cxb2+ 18. Kb1 Ba6 19. Nfxe5 fxe5 20. Qd3 Nf6 21. Bxe5 Qxd5 22. Qg3 Bxc4 23. Rxd5 Bxd5 24. Rg1 Rf7 25. Bxf6 Bxf6 26. Qd3 Rd8 27. Qh7+ Kf8 28. Re1 Re7 29. Rd1 Red7 30. Re1 Re7 31. Rxe7 Kxe7 32. Qf5 Kd6 33. Qf4+ Kc5 34. Qe3+ 1-0

[Event "BL2 West 1415 (Women)"]
[Site "Germany"]
[Date "2014.09.28"]
[Round "2.1"]
[White "Kozlova, Olga"]
[Black "Winnicki, Alice"]
[Result "0-1"]
[WhiteElo "2216"]
[BlackElo "2036"]
[PlyCount "60"]
[EventDate "2014.09.27"]
[EventType "team-tourn"]
[EventRounds "7"]
[EventCountry "GER"]
[SourceTitle "CBM 166 Extra"]
[Source "ChessBase"]
[SourceDate "2015.06.18"]
[SourceVersion "1"]
[SourceVersionDate "2015.06.18"]
[SourceQuality "1"]
[WhiteTeam "Delmenhorst (W)"]
[BlackTeam "Quickborn Holstein (W)"]
[WhiteTeamCountry "GER"]
[BlackTeamCountry "GER"]

1. e4 e6 2. d4 d5 3. Nd2 dxe4 4. Nxe4 Nd7 5. g3 Ngf6 6. Nc3 c5 7. d5 exd5 8. Nxd5 Nxd5 9. Qxd5 Be7 10. Be3 0-0 11. 0-0-0 Qa5 12. Bd2 Qb6 13. Bg2 Nf6 14. Qb3 Be6 15. c4 Ng4 16. Nh3 Ne5 17. Nf4 Bxc4 18. Qxb6 axb6 19. Bc3 Ng4 20. b3 Bb5 21. Rd2 Bc6 22. Nd5 Bd8 23. f4 Re8 24. h3 Ne3 25. Re1 Nxg2 26. Rxe8+ Bxe8 27. Rxg2 Bc6 28. Rd2 b5 29. Kb2 f6 30. Ne3 b4 0-1

[Event "BL2 West 1415 (Women)"]
[Site "Germany"]
[Date "2014.09.27"]
[Round "1.1"]
[White "Kopylov, Luba"]
[Black "Kozlova, Olga"]
[Result "1-0"]
[WhiteElo "2152"]
[BlackElo "2216"]
[PlyCount "57"]
[EventDate "2014.09.27"]
[EventType "team-tourn"]
[EventRounds "7"]
[EventCountry "GER"]
[SourceTitle "CBM 166 Extra"]
[Source "ChessBase"]
[SourceDate "2015.06.18"]
[SourceVersion "1"]
[SourceVersionDate "2015.06.18"]
[SourceQuality "1"]
[WhiteTeam "Kiel Doppelbauer (W)"]
[BlackTeam "Delmenhorst (W)"]
[WhiteTeamCountry "GER"]
[BlackTeamCountry "GER"]

1. d4 Nf6 2. c4 e6 3. Nf3 Bb4+ 4. Bd2 Qe7 5. Qc2 Bxd2+ 6. Nbxd2 c5 7. e4 d6 8. e5 dxe5 9. dxe5 Nfd7 10. Ne4 0-0 11. 0-0-0 f6 12. exf6 Nxf6 13. Bd3 Nc6 14. Neg5 h6 15. Bh7+ Kh8 16. Nh4 Ne5 17. Ngf3 Nxh7 18. Nxe5 Kg8 19. Nhg6 Qg5+ 20. f4 Rxf4 21. Qd2 Rd4 22. Qxg5 Nxg5 23. Rhf1 Rxd1+ 24. Kxd1 Bd7 25. Nxd7 Rd8 26. Nge5 Ne4 27. Ke2 Nd6 28. Rd1 Nf5 29. Nf6+ 1-0

[Event "BL2 West 1314 (Women)"]
[Site "Germany"]
[Date "2014.03.08"]
[Round "6.1"]
[White "Diederichs, Luise"]
[Black "Kozlova, Olga"]
[Result "1/2-1/2"]
[WhiteElo "1932"]
[BlackElo "2230"]
[PlyCount "51"]
[EventDate "2013.11.30"]
[EventType "team-tourn"]
[EventRounds "7"]
[EventCountry "GER"]
[SourceTitle "EXT 2018"]
[Source "ChessBase"]
[SourceDate "2017.10.13"]
[SourceVersion "1"]
[SourceVersionDate "2017.10.13"]
[SourceQuality "1"]
[WhiteTeam "Norderstedt Harksheide (W)"]
[BlackTeam "Delmenhorst (W)"]
[WhiteTeamCountry "GER"]
[BlackTeamCountry "GER"]

1. e4 e5 2. Nf3 Nc6 3. Bb5 a6 4. Ba4 d6 5. 0-0 Bd7 6. c3 Nge7 7. Re1 Ng6 8. d4 Be7 9. h3 0-0 10. Nbd2 Nf4 11. Nf1 f6 12. d5 Nb8 13. Bxd7 Qxd7 14. Bxf4 exf4 15. Nd4 Re8 16. Ne6 a5 17. Nxf4 Na6 18. Ne6 Nc5 19. Nxc5 dxc5 20. Ne3 a4 21. Nf5 Bf8 22. Qg4 Qb5 23. Re2 Qc4 24. Nh6+ Kh8 25. Nf7+ Kg8 26. Nh6+ 1/2-1/2

[Event "BL2 West 1314 (Women)"]
[Site "Germany"]
[Date "2013.11.30"]
[Round "1.1"]
[White "Winter, Astrid"]
[Black "Kozlova, Olga"]
[Result "1/2-1/2"]
[WhiteElo "1976"]
[BlackElo "2230"]
[PlyCount "136"]
[EventDate "2013.11.30"]
[EventType "team-tourn"]
[EventRounds "7"]
[EventCountry "GER"]
[SourceTitle "EXT 2018"]
[Source "ChessBase"]
[SourceDate "2017.10.13"]
[SourceVersion "1"]
[SourceVersionDate "2017.10.13"]
[SourceQuality "1"]
[WhiteTeam "Krefeld Turm (W)"]
[BlackTeam "Delmenhorst (W)"]
[WhiteTeamCountry "GER"]
[BlackTeamCountry "GER"]

1. c4 e5 2. Nc3 d6 3. g3 g6 4. Bg2 Bg7 5. d3 c6 6. e3 f5 7. Nge2 Nf6 8. e4 0-0 9. 0-0 Nh5 10. exf5 Bxf5 11. d4 Nd7 12. Be3 Nb6 13. b3 Qd7 14. dxe5 Bxe5 15. Bd4 Rae8 16. Bxe5 Rxe5 17. Nd4 Bh3 18. Nf3 Ree8 19. Qd4 Bxg2 20. Kxg2 Nf4+ 21. Kh1 Qh3 22. Rg1 Qg4 23. Ng5 Qxg5 24. gxf4 Qxf4 25. Qxf4 Rxf4 26. Kg2 Ref8 27. Rgf1 d5 28. cxd5 Nxd5 29. Nxd5 cxd5 30. Rad1 R8f5 31. f3 Kf7 32. Rd3 g5 33. h3 Re5 34. Rf2 Ke6 35. Rfd2 h5 36. Kg3 Kd6 37. Kf2 g4 38. hxg4 hxg4 39. Kg3 Rxf3+ 40. Rxf3 gxf3 41. Kxf3 Kc5 42. Kf4 Re7 43. Kf3 d4 44. Rc2+ Kd5 45. Rc8 Re3+ 46. Kf2 Rc3 47. Rb8 Ke4 48. Ke1 Kd3 49. Kd1 Rc2 50. Rxb7 Rxa2 51. Kc1 Kc3 52. Kd1 d3 53. Rc7+ Kxb3 54. Rb7+ Kc4 55. Rc7+ Kb5 56. Rd7 Ra3 57. Kd2 Kb4 58. Rb7+ Kc5 59. Rd7 Kc4 60. Rc7+ Kb5 61. Rd7 a5 62. Rxd3 Ra2+ 63. Kc1 Kc4 64. Rd8 Rh2 65. Kb1 a4 66. Rb8 a3 67. Ka1 a2 68. Rb2 Rxb2 1/2-1/2

[Event "BL2 West 1112 (Women)"]
[Site "Germany"]
[Date "2012.02.11"]
[Round "6.1"]
[White "Alkhazashvili, Ololi"]
[Black "Kozlova, Olga"]
[Result "1-0"]
[WhiteElo "2184"]
[BlackElo "2230"]
[PlyCount "93"]
[EventDate "2011.10.29"]
[EventType "team-tourn"]
[EventRounds "7"]
[EventCountry "GER"]
[SourceTitle "EXT 2013"]
[Source "ChessBase"]
[SourceDate "2012.11.22"]
[SourceVersion "1"]
[SourceVersionDate "2012.11.22"]
[SourceQuality "1"]
[WhiteTeam "Krefeld Turm (W)"]
[BlackTeam "Delmenhorst (W)"]
[WhiteTeamCountry "GER"]
[BlackTeamCountry "GER"]

1. e4 e5 2. Nf3 Nc6 3. Bb5 a6 4. Ba4 Nf6 5. d4 exd4 6. e5 Ne4 7. 0-0 Be7 8. Nxd4 Nxd4 9. Qxd4 Nc5 10. Nc3 Nxa4 11. Qxa4 0-0 12. Rd1 Rb8 13. Rd3 b5 14. Qe4 Rb6 15. Be3 Rg6 16. f4 f5 17. Qd5+ Kh8 18. Rad1 Qe8 19. R1d2 c6 20. Qf3 c5 21. Qd1 d6 22. Rxd6 Bxd6 23. Rxd6 Bb7 24. g3 Rxd6 25. Qxd6 c4 26. Bc5 Rf6 27. Qe7 Qxe7 28. Bxe7 Re6 29. Bd6 Kg8 30. Kf2 Kf7 31. a4 Bc6 32. Ke3 Rh6 33. h4 Rg6 34. Kf2 Ke6 35. a5 Kd7 36. Ne2 Be4 37. c3 Re6 38. Nd4 Re8 39. Ke3 g6 40. g4 h6 41. h5 gxh5 42. gxf5 Bd5 43. Bc5 h4 44. e6+ Kd8 45. Kf2 h5 46. f6 h3 47. Kg3 1-0

[Event "BL2 West 0910 (Women)"]
[Site "Germany"]
[Date "2009.11.08"]
[Round "2.1"]
[White "Ivannikova, Svetlana"]
[Black "Kozlova, Olga"]
[Result "1-0"]
[WhiteElo "2159"]
[BlackElo "2248"]
[PlyCount "69"]
[EventDate "2009.11.07"]
[EventType "team-tourn"]
[EventRounds "7"]
[EventCountry "GER"]
[SourceTitle "CBM 133 Extra"]
[Source "ChessBase"]
[SourceDate "2010.01.05"]
[SourceVersion "1"]
[SourceVersionDate "2010.01.05"]
[SourceQuality "1"]
[WhiteTeam "Dortmund 1875 (W)"]
[BlackTeam "Delmenhorst (W)"]
[WhiteTeamCountry "GER"]
[BlackTeamCountry "GER"]

1. d4 Nf6 2. Nf3 e6 3. Bf4 b6 4. e3 Bb7 5. Bd3 Be7 6. Nbd2 d5 7. h3 Nbd7 8. Ne5 Nxe5 9. Bxe5 0-0 10. 0-0 c5 11. c3 g6 12. Bxf6 Bxf6 13. f4 Bg7 14. g4 Qe7 15. Nf3 f6 16. g5 f5 17. h4 Bc6 18. Kf2 b5 19. Rh1 Rab8 20. h5 b4 21. hxg6 hxg6 22. Nh4 Be8 23. Rb1 Qc7 24. Qc2 c4 25. Be2 b3 26. axb3 Rxb3 27. Bd1 Qb7 28. Kg3 a5 29. Qd2 Rb6 30. Qh2 a4 31. Nf3 e5 32. Qh7+ Kf7 33. Nxe5+ Ke6 34. Nxg6 Rf7 35. Qg8 1-0

[Event "BL2 West 0910 (Women)"]
[Site "Germany"]
[Date "2009.11.07"]
[Round "1.1"]
[White "Kozlova, Olga"]
[Black "Wirths, Clara"]
[Result "1-0"]
[WhiteElo "2248"]
[BlackElo "2072"]
[PlyCount "79"]
[EventDate "2009.11.07"]
[EventType "team-tourn"]
[EventRounds "7"]
[EventCountry "GER"]
[SourceTitle "CBM 133 Extra"]
[Source "ChessBase"]
[SourceDate "2010.01.05"]
[SourceVersion "1"]
[SourceVersionDate "2010.01.05"]
[SourceQuality "1"]
[WhiteTeam "Delmenhorst (W)"]
[BlackTeam "Wattenscheid (W)"]
[WhiteTeamCountry "GER"]
[BlackTeamCountry "GER"]

1. Nf3 Nf6 2. c4 d6 3. g3 e5 4. d3 Nc6 5. Bg2 g6 6. Nc3 Bg7 7. Bd2 0-0 8. Rb1 a5 9. 0-0 h6 10. a3 Be6 11. b4 axb4 12. axb4 Qd7 13. b5 Ne7 14. Qc1 Kh7 15. b6 c6 16. c5 Ned5 17. Ne4 Nxe4 18. dxe4 Nf6 19. cxd6 Nxe4 20. Nxe5 Bxe5 21. Bxe4 f5 22. Bg2 f4 23. Bc3 Bxc3 24. Qxc3 fxg3 25. hxg3 Qxd6 26. Rfd1 Qe7 27. Qe5 Qf6 28. Qxf6 Rxf6 29. Rd6 Kg7 30. e4 Bg4 31. e5 Rxd6 32. exd6 Kf7 33. Re1 Be6 34. Be4 g5 35. f4 gxf4 36. gxf4 Rd8 37. Rd1 Kf6 38. Kf2 Bd5 39. Bxd5 Rxd6 40. Bf3 1-0

[Event "BL2 West 0809 (Women)"]
[Site "Germany"]
[Date "2009.03.08"]
[Round "7.1"]
[White "Michalek, Barbara"]
[Black "Kozlova, Olga"]
[Result "0-1"]
[WhiteElo "2004"]
[BlackElo "2254"]
[PlyCount "80"]
[EventDate "2008.11.08"]
[EventType "team-tourn"]
[EventRounds "7"]
[EventCountry "GER"]
[SourceTitle "EXT 2010"]
[Source "ChessBase"]
[SourceDate "2010.11.25"]
[SourceVersion "1"]
[SourceVersionDate "2010.11.25"]
[SourceQuality "1"]
[WhiteTeam "Lehrte (W) II"]
[BlackTeam "Delmenhorst (W)"]
[WhiteTeamCountry "GER"]
[BlackTeamCountry "GER"]

1. d4 Nf6 2. c4 e6 3. Nf3 Bb4+ 4. Bd2 Qe7 5. Nc3 Bxc3 6. Bxc3 Ne4 7. Qc2 f5 8. e3 b6 9. g3 Bb7 10. Bg2 Nxc3 11. Qxc3 d6 12. h4 Nd7 13. 0-0-0 Be4 14. Ne1 Bxg2 15. Nxg2 a5 16. f3 0-0 17. Nf4 c6 18. Rde1 e5 19. Nh3 b5 20. cxb5 cxb5 21. Qb3+ Qf7 22. Qxf7+ Rxf7 23. Kd2 Nb6 24. b3 a4 25. Rc1 axb3 26. axb3 Ra2+ 27. Rc2 Rfa7 28. Rhc1 Nd5 29. Ng5 h6 30. Ne6 e4 31. fxe4 fxe4 32. Ke1 Kf7 33. Nd8+ Kg6 34. Rxa2 Rxa2 35. Rc6 Nxe3 36. Rxd6+ Kf5 37. Nc6 Rb2 38. Ne7+ Kg4 39. Rg6+ Kf3 40. Rxg7 Re2# 0-1

[Event "Nord West Cup 04th"]
[Site "Bad Zwischenahn"]
[Date "2002.??.??"]
[Round "4"]
[White "Kozlova, Olga"]
[Black "Meins, Gerlef"]
[Result "0-1"]
[WhiteElo "2259"]
[BlackElo "2394"]
[PlyCount "66"]
[EventDate "2002.02.??"]
[EventType "swiss"]
[EventRounds "7"]
[EventCountry "GER"]
[SourceTitle "EXT 2003"]
[Source "ChessBase"]
[SourceDate "2002.11.25"]
[SourceVersion "1"]
[SourceVersionDate "2002.11.25"]
[SourceQuality "1"]

1. e4 c5 2. Nf3 Nc6 3. d4 cxd4 4. Nxd4 Nf6 5. Nc3 d6 6. Bc4 e6 7. Bb3 Be7 8. 0-0 0-0 9. Be3 Bd7 10. f4 Nxd4 11. Bxd4 Bc6 12. Qe2 b5 13. Nxb5 Bxb5 14. Qxb5 Nxe4 15. Rad1 d5 16. Qe2 Bc5 17. Bxc5 Nxc5 18. Rf3 Qb6 19. Kh1 g6 20. h4 a5 21. a4 Rab8 22. h5 Qc7 23. hxg6 hxg6 24. g4 Kg7 25. Kg2 Rh8 26. Qf2 Nxb3 27. cxb3 Rb4 28. Rf1 Qb6 29. Qc2 Qd4 30. Rd1 Qe4 31. Qc3+ d4 32. Qe1 Rh2+ 33. Kxh2 Qxf3 0-1

[Event "Nord West Cup 04th"]
[Site "Bad Zwischenahn"]
[Date "2002.??.??"]
[Round "3"]
[White "Kozlova, Olga"]
[Black "Ostermeier, Ralf"]
[Result "1-0"]
[WhiteElo "2259"]
[BlackElo "2131"]
[PlyCount "53"]
[EventDate "2002.02.??"]
[EventType "swiss"]
[EventRounds "7"]
[EventCountry "GER"]
[SourceTitle "EXT 2003"]
[Source "ChessBase"]
[SourceDate "2002.11.25"]
[SourceVersion "1"]
[SourceVersionDate "2002.11.25"]
[SourceQuality "1"]

1. e4 c6 2. d4 d5 3. Nd2 dxe4 4. Nxe4 Bf5 5. Ng3 Bg6 6. Nf3 Nf6 7. Ne5 Nbd7 8. Nxg6 hxg6 9. Qf3 e6 10. Bf4 Nd5 11. 0-0-0 Nxf4 12. Qxf4 Nf6 13. Bc4 Bd6 14. Qf3 Qc7 15. Ne2 0-0-0 16. h4 Rh5 17. g4 Rh7 18. Rh3 Rdh8 19. Rdh1 Nd5 20. Kb1 Qe7 21. g5 Bb8 22. Qg4 Bd6 23. Bb3 Qd7 24. Rf3 Rf8 25. c4 Ne7 26. c5 Bc7 27. Bxe6 1-0

[Event "Wisla Hugart op (Women)"]
[Site "Warsaw"]
[Date "1999.??.??"]
[Round "9"]
[White "Kozlova, Olga"]
[Black "Agababean, Naira"]
[Result "1-0"]
[WhiteElo "2260"]
[BlackElo "2350"]
[PlyCount "89"]
[EventDate "1999.??.??"]
[EventType "swiss"]
[EventRounds "10"]
[EventCountry "POL"]
[SourceTitle "EXT 2000"]
[Source "ChessBase"]
[SourceDate "1999.11.16"]
[SourceVersion "1"]
[SourceVersionDate "1999.11.16"]
[SourceQuality "1"]

1. e4 c5 2. Nf3 e6 3. d4 cxd4 4. Nxd4 a6 5. Nc3 b5 6. a3 Bb7 7. Bd3 Qb6 8. Nb3 Qc7 9. Be3 Nf6 10. f4 d6 11. Qf3 Nbd7 12. g4 Nc5 13. Nd2 d5 14. Bxc5 Bxc5 15. e5 Nd7 16. Nb3 Bb6 17. 0-0-0 0-0-0 18. Ne2 Kb8 19. Kb1 Nc5 20. Nxc5 Bxc5 21. Nc1 Rc8 22. h4 Bb6 23. Qe2 Qc6 24. Rhf1 Rc7 25. h5 h6 26. Nb3 Rhc8 27. g5 Qd7 28. gxh6 gxh6 29. f5 Rg8 30. fxe6 fxe6 31. Rf6 Bc8 32. Rxh6 Qe8 33. Rg6 Rh8 34. Rh1 Rf7 35. h6 Qf8 36. Ka2 Rf2 37. Qg4 Rf4 38. Qh5 Bd7 39. Rg7 Bc8 40. Qg6 Bc7 41. Rh5 b4 42. h7 Qd8 43. Rg8 Rf8 44. Rg5 bxa3 45. Qg7 1-0

[Event "Wisla Hugart op (Women)"]
[Site "Warsaw"]
[Date "1999.??.??"]
[Round "10"]
[White "Kozlova, Olga"]
[Black "Rajlich, Iweta"]
[Result "1-0"]
[WhiteElo "2260"]
[BlackElo "2380"]
[PlyCount "87"]
[EventDate "1999.??.??"]
[EventType "swiss"]
[EventRounds "10"]
[EventCountry "POL"]
[SourceTitle "EXT 2000"]
[Source "ChessBase"]
[SourceDate "1999.11.16"]
[SourceVersion "1"]
[SourceVersionDate "1999.11.16"]
[SourceQuality "1"]

1. e4 e6 2. d4 d5 3. Nc3 Bb4 4. Nge2 Nf6 5. a3 Bxc3+ 6. Nxc3 Nxe4 7. Nxe4 dxe4 8. Be3 0-0 9. f3 exf3 10. Qxf3 Bd7 11. Bd3 Bc6 12. Qh3 f5 13. 0-0-0 Nd7 14. Rhg1 g6 15. g4 f4 16. Bf2 Nf6 17. g5 Nd5 18. Qxe6+ Kg7 19. c4 Re8 20. Qh3 Ne3 21. Qh6+ Kg8 22. Bxe3 Rxe3 23. Bxg6 hxg6 24. Qxg6+ Kf8 25. Rg4 Qd6 26. Qh7 Be4 27. g6 Rc3+ 28. bxc3 Qxa3+ 29. Kd2 Qb2+ 30. Ke1 Qxc3+ 31. Rd2 Qc1+ 32. Ke2 f3+ 33. Ke3 Qe1+ 34. Kf4 Qxd2+ 35. Kxe4 Qc2+ 36. Ke5 Re8+ 37. Kf6 Re6+ 38. Kxe6 Qxc4+ 39. Ke5 Qe2+ 40. Kf6 Qa6+ 41. Kg5 Qa5+ 42. Kh4 Qe1+ 43. Kh5 Qe8 44. Qh8+ 1-0

[Event "Moscow-ch (Women)"]
[Site "Moscow"]
[Date "1999.??.??"]
[Round "1"]
[White "Kozlova, Olga"]
[Black "Zvorykina, Kira"]
[Result "1-0"]
[WhiteElo "2260"]
[BlackElo "2245"]
[PlyCount "79"]
[EventDate "1999.??.??"]
[EventType "tourn"]
[EventRounds "9"]
[EventCountry "RUS"]
[SourceTitle "EXT 2002"]
[Source "ChessBase"]
[SourceDate "2001.11.25"]
[SourceVersion "1"]
[SourceVersionDate "2001.11.25"]
[SourceQuality "1"]

1. e4 c5 2. Nf3 Nc6 3. d4 cxd4 4. Nxd4 Qc7 5. Nc3 e6 6. Nb3 a6 7. Bd3 Nf6 8. f4 d6 9. Be3 b5 10. a3 Bb7 11. Qe2 Be7 12. g4 h5 13. g5 Nd7 14. Rf1 Nc5 15. Nd4 0-0-0 16. h4 g6 17. Nxc6 Bxc6 18. 0-0-0 d5 19. Bxc5 Bxc5 20. a4 d4 21. Nb1 Qa5 22. axb5 axb5 23. f5 Rhf8 24. fxg6 fxg6 25. e5 Rf5 26. Bxf5 exf5 27. Rf4 Qa7 28. Qd3 Qe7 29. Re1 Rd5 30. e6 Kb7 31. Nd2 Kb6 32. Nb3 Bd6 33. Rxd4 Bf4+ 34. Kb1 Re5 35. Rf1 Re3 36. Qd2 Rxb3 37. Qxf4 Rh3 38. Qb8+ Kc5 39. Rfd1 Re3 40. b4# 1-0

[Event "Wisla Hugart op (Women)"]
[Site "Warsaw"]
[Date "1999.??.??"]
[Round "3"]
[White "Socko, Monika"]
[Black "Kozlova, Olga"]
[Result "1-0"]
[WhiteElo "2440"]
[BlackElo "2260"]
[PlyCount "107"]
[EventDate "1999.??.??"]
[EventType "swiss"]
[EventRounds "10"]
[EventCountry "POL"]
[SourceTitle "EXT 2000"]
[Source "ChessBase"]
[SourceDate "1999.11.16"]
[SourceVersion "1"]
[SourceVersionDate "1999.11.16"]
[SourceQuality "1"]

1. Nf3 Nf6 2. d4 e6 3. c4 Bb4+ 4. Bd2 Qe7 5. Nc3 Bxc3 6. Bxc3 Ne4 7. Qc2 f5 8. g3 Nxc3 9. Qxc3 b6 10. Bg2 Bb7 11. 0-0 0-0 12. b4 d6 13. c5 Bd5 14. Nd2 Bxg2 15. Kxg2 bxc5 16. bxc5 dxc5 17. dxc5 Nc6 18. Rab1 Rab8 19. e4 Rxb1 20. Rxb1 Rd8 21. Re1 Qd7 22. Nf3 fxe4 23. Rxe4 Qd5 24. Re2 Rf8 25. Qb3 Qxc5 26. Qxe6+ Kh8 27. Qe4 Nb4 28. Rd2 Qc6 29. Qxc6 Nxc6 30. Rd7 Rc8 31. Ng5 Nb8 32. Re7 Nc6 33. Re4 h6 34. Nf3 Rd8 35. Rc4 Rd6 36. h4 g6 37. Nh2 Kg7 38. Ng4 h5 39. Ne3 Kf6 40. Nd5+ Rxd5 41. Rxc6+ Rd6 42. Rxc7 Ra6 43. Rc2 Kf5 44. Kf1 Ke4 45. Rc4+ Kd3 46. Rf4 Re6 47. Ra4 a6 48. Kg2 Rf6 49. f3 Rc6 50. g4 hxg4 51. fxg4 Ke3 52. g5 Rb6 53. Kg3 Rc6 54. Kg4 1-0

[Event "RUS-Cup02"]
[Site "Moscow"]
[Date "1998.01.26"]
[Round "6"]
[White "Kozlova, Olga"]
[Black "Kodinets, Konstantin L"]
[Result "0-1"]
[WhiteElo "2255"]
[BlackElo "2405"]
[PlyCount "92"]
[EventDate "1998.01.21"]
[EventType "swiss"]
[EventRounds "9"]
[EventCountry "RUS"]
[SourceTitle "CBM 063"]
[Source "ChessBase"]
[SourceDate "1998.03.26"]
[SourceVersion "1"]
[SourceVersionDate "1998.03.26"]
[SourceQuality "1"]

1. e4 d6 2. d4 Nf6 3. Nc3 e5 4. dxe5 dxe5 5. Qxd8+ Kxd8 6. Bc4 Be6 7. Bxe6 fxe6 8. Be3 Bd6 9. Nb5 Ke7 10. f3 Nbd7 11. Ne2 a6 12. Nxd6 cxd6 13. 0-0-0 Rac8 14. Rhe1 Rc6 15. Kb1 Rhc8 16. c3 b5 17. Nc1 Nb6 18. Nd3 a5 19. Bxb6 Rxb6 20. f4 exf4 21. Nxf4 e5 22. Nd5+ Nxd5 23. Rxd5 Rf8 24. Re2 a4 25. Kc2 Ke6 26. a3 g5 27. Rd3 h5 28. Rg3 g4 29. h3 Rf4 30. hxg4 h4 31. Rf3 Rb7 32. Kd3 Rg7 33. Ref2 Rfxg4 34. Rf6+ Kd7 35. Rf7+ Rxf7 36. Rxf7+ Kc6 37. Rf2 Kc5 38. Rd2 Rg3+ 39. Kc2 Re3 40. b4+ axb3+ 41. Kxb3 Rxe4 42. Rd1 Rg4 43. Rh1 d5 44. Re1 e4 45. Re2 Rg3 46. Kc2 Kc4 0-1

[Event "RUS-Cup02"]
[Site "Moscow"]
[Date "1998.??.??"]
[Round "4"]
[White "Kozlova, Olga"]
[Black "Chepukaitis, Genrikh"]
[Result "0-1"]
[WhiteElo "2255"]
[BlackElo "2420"]
[PlyCount "62"]
[EventDate "1998.01.21"]
[EventType "swiss"]
[EventRounds "9"]
[EventCountry "RUS"]
[SourceTitle "EXT 1999"]
[Source "ChessBase"]
[SourceDate "1998.11.16"]
[SourceVersion "1"]
[SourceVersionDate "1998.11.16"]
[SourceQuality "1"]

1. e4 g6 2. d4 Bg7 3. Nc3 d6 4. h4 h6 5. Be3 a6 6. a4 Nf6 7. Be2 c5 8. h5 cxd4 9. Bxd4 g5 10. a5 0-0 11. Nh3 Nc6 12. Bb6 Qe8 13. Qd2 Nd7 14. Be3 Nc5 15. Nxg5 hxg5 16. h6 Bxc3 17. Qxc3 f6 18. Bh5 Ne6 19. Bb6 Qd7 20. g3 Kh8 21. 0-0-0 Ne5 22. Rdf1 Qa4 23. b3 Qc6 24. Qe3 Nd7 25. f4 Nxb6 26. axb6 Qc5 27. Qd3 Bd7 28. Bg4 Rac8 29. Rh2 Qa3+ 30. Kd2 Nc5 31. Qd4 Nxb3+ 0-1

[Event "HUN-ch op"]
[Site "Pecs"]
[Date "1998.??.??"]
[Round "5"]
[White "Zemerov, Vladimir"]
[Black "Kozlova, Olga"]
[Result "1-0"]
[WhiteElo "2330"]
[BlackElo "2255"]
[PlyCount "93"]
[EventDate "1998.??.??"]
[EventType "swiss"]
[EventRounds "9"]
[EventCountry "HUN"]
[SourceTitle "EXT 2000"]
[Source "ChessBase"]
[SourceDate "1999.11.16"]
[SourceVersion "1"]
[SourceVersionDate "1999.11.16"]
[SourceQuality "1"]

1. Nf3 d5 2. d4 Nf6 3. c4 e6 4. Nc3 Be7 5. e3 0-0 6. Bd3 b6 7. b3 Bb7 8. Bb2 Nbd7 9. 0-0 c5 10. Rc1 a6 11. Qe2 dxc4 12. bxc4 Qc7 13. Rfd1 Bd6 14. d5 Rfe8 15. a4 Nf8 16. Bb1 Qe7 17. g3 Rad8 18. Qf1 exd5 19. cxd5 Bc7 20. e4 Ng4 21. Bd3 Ng6 22. Be2 Bc8 23. Bxa6 Bxa6 24. Qxa6 Qf6 25. Qe2 Qe7 26. Re1 h5 27. Rcd1 Nf6 28. Ba1 Ne5 29. Nd2 h4 30. Nb5 hxg3 31. hxg3 Bb8 32. Kg2 Ng6 33. Qf3 Be5 34. Qf5 Ra8 35. d6 Bxd6 36. Bxf6 gxf6 37. Nc4 Be5 38. Nxb6 Ra6 39. Nd5 Qb7 40. Rb1 Qc6 41. Nbc3 Kg7 42. Rh1 Bxc3 43. Nxc3 Raa8 44. Nd5 Re5 45. Qf3 f5 46. Rb6 fxe4 47. Rh7+ 1-0

[Event "Pecs Suto op"]
[Site "Pecs"]
[Date "1997.??.??"]
[Round "?"]
[White "Grunberg, Mihai Lucian"]
[Black "Kozlova, Olga"]
[Result "1-0"]
[WhiteElo "2380"]
[BlackElo "2240"]
[PlyCount "79"]
[EventDate "1997.??.??"]
[EventType "swiss"]
[EventRounds "9"]
[EventCountry "HUN"]
[SourceTitle "EXT 2004"]
[Source "ChessBase"]
[SourceDate "2003.11.25"]
[SourceVersion "1"]
[SourceVersionDate "2003.11.25"]
[SourceQuality "1"]

1. Nf3 Nf6 2. c4 e6 3. g3 d5 4. Bg2 Be7 5. 0-0 0-0 6. d4 dxc4 7. Qc2 a6 8. Qxc4 b5 9. Qc2 Bb7 10. Bg5 Nbd7 11. Nbd2 Rc8 12. Bxf6 Nxf6 13. Nb3 Be4 14. Qc1 Qd5 15. Rd1 c5 16. dxc5 Qh5 17. Qe3 Bxc5 18. Nxc5 Qxc5 19. Qxc5 Rxc5 20. Rac1 Rxc1 21. Rxc1 Nd5 22. Ne5 Bxg2 23. Kxg2 f6 24. Nd3 e5 25. Kf3 Kf7 26. Rc6 Ra8 27. Rd6 Ne7 28. Rb6 Rd8 29. Rxa6 Rd4 30. Nc5 Rd2 31. b3 f5 32. e4 Rc2 33. Nd3 Rc3 34. Ke3 Nd5+ 35. exd5 e4 36. Kd4 Rxd3+ 37. Ke5 Rd2 38. Kxf5 Rxd5+ 39. Kxe4 Rd7 40. Ra5 1-0

[Event "Harkany Tenkes Cup"]
[Site "Harkany"]
[Date "1997.??.??"]
[Round "3"]
[White "Horvath, Peter"]
[Black "Kozlova, Olga"]
[Result "1/2-1/2"]
[WhiteElo "2415"]
[BlackElo "2240"]
[PlyCount "21"]
[EventDate "1997.11.??"]
[EventType "swiss"]
[EventRounds "9"]
[EventCountry "HUN"]
[SourceTitle "EXT 2001"]
[Source "ChessBase"]
[SourceDate "2000.11.22"]
[SourceVersion "1"]
[SourceVersionDate "2000.11.22"]
[SourceQuality "1"]

1. b4 e5 2. Bb2 e4 3. c4 Nf6 4. b5 Bc5 5. e3 c6 6. d4 Bb4+ 7. Nd2 cxb5 8. cxb5 d5 9. Ne2 0-0 10. a3 Ba5 11. Nc1 1/2-1/2